Stephen King Novels - Statistics

General Stats
  • This quiz has been taken 774 times
  • The average score is 22 of 62
Answer Stats
Answer % Correct
Standalone It
89%
Standalone Carrie
85%
Standalone The Shining
78%
Standalone Misery
71%
Standalone Cujo
68%
Standalone The Stand
64%
Standalone Salem's Lot
61%
Standalone Christine
60%
Set of eight The Dark Tower
57%
Standalone Pet Sematary
55%
Standalone The Green Mile
50%
Standalone Firestarter
44%
Standalone Under the Dome
43%
Standalone Doctor Sleep
41%
Standalone The Tommyknockers
41%
Set of three Mr Mercedes
40%
Standalone Needful Things
40%
Standalone Thinner
40%
Standalone Gerald's Game
39%
Set of eight The Gunslinger
39%
Standalone The Dead Zone
38%
Standalone Cell
34%
Standalone Dreamcatcher
34%
Standalone Dolores Claiborne
33%
Standalone 11/22/63
32%
Standalone Rose Madder
32%
Standalone Bag of Bones
31%
Standalone Desperation
31%
Standalone Insomnia
31%
Collection Night Shift
31%
Collection Different Seasons
29%
Standalone The Dark Half
29%
Standalone Duma Key
28%
Collection Hearts in Atlantis
28%
Standalone Lisey's Story
28%
Collection Skeleton Crew
28%
Standalone The Girl who Loved Tom Gordon
28%
Collection Four Past Midnight
27%
Standalone From A Buick 8
27%
Set of eight The Drawing of the Three
27%
Set of eight Wizard and Glass
27%
Set of three Finders Keepers
25%
Set of eight Song of Susannah
24%
Standalone The Eyes of the Dragon
24%
Set of three End of Watch
23%
Standalone The Talisman
23%
Set of eight The Waste Lands
23%
Set of eight Wolves of the Calla
23%
Standalone Black House
22%
Collection Nightmares and Dreamscapes
22%
Standalone Revival
22%
Standalone The Regulators
22%
Collection Everything's Eventual
21%
Standalone Joyland
21%
Set of eight The Wind Through the Keyhole
21%
Collection Full Dark, No Stars
20%
Standalone Blaze
18%
Standalone Cycle of the Werewolf
18%
Standalone The Colorado Kid
17%
Collection The Bachman Books
14%
Collection Just After Sunset
13%
Standalone Blockade Billy
4%
No matching quizzes found
Score Distribution
Percent of People with Each Score
Percentile by Number Answered
Your Score History
You have not taken this quiz